Pizza Toppings - Statistics

General Stats
  • This quiz has been taken 86 times
  • The average score is 8 of 9
Answer Stats
Picture Answer % Correct
Mushroom
99%
Pineapple
99%
Tomato
99%
Cheese
97%
Olive
95%
Peppers
92%
Pepperoni
89%
Basil
84%
Garlic
52%
No matching quizzes found
Score Distribution
Percent of People with Each Score
Percentile by Number Answered
Your Score History
You have not taken this quiz